000 00789nam a2200217Ia 4500
003 GCL
008 140319s9999 xx 000 0 ara d
020 _a5764509953
040 _aGCL /
_cGCL
082 0 4 _a337.142
_bع س
100 1 _aعلى الحاج
245 1 0 _aسياسات دول الاتحاد الاوروبى فى المنطقة العربية بعد الحرب الباردة /
_cعلى الحاج
250 _aالاولى
260 _aبيروت :
_bمركز دراسات الوحدة العربية ،
_c2005
300 _a427 ص ؛
_c24 سم
490 _aسلسلة اطروحات الدكتوراة
_v51
650 0 4 _aالسياسة الدولية
650 0 4 _aالعلاقات الخارجية
650 0 4 _aالاتحاد الاوروبى
942 _2ddc
_cBK
999 _c7494
_d7494